000 00599nam a2200229Ia 4500
003 OSt
005 20220924144304.0
006 a|||||r|||| 00| 0
007 ta
008 220923b |||||||| |||| 00| 0 urd d
024 _a313291
037 _cTextual
040 _aARTS
_cARTS
_burd
041 _2urd
_aurd
082 _aO168,1M621x, E0.1-.2
100 _aDehalvi Sooraj Narayan
_9188040
245 0 _aGuldasta-e-nazm
260 _c1910
650 _aURDU POETRY
942 _hO168,1M621x, E0.1-.2
_cTEXL
_2CC
999 _c456611
_d456611